Quentin Tarintino Movies - Statistics

General Stats
  • This quiz has been taken 315 times
    265 since last reset
  • The average score is 8 of 10
Answer Stats
Year of Release Film % Correct
1994 Pulp Fiction
98%
2012 Django Unchained
95%
2009 Inglourious Basterds
92%
2019 Once Upon a Time in Hollywood
92%
1992 Reservoir Dogs
87%
2015 The Hateful Eight
79%
1997 Jackie Brown
72%
2004 Kill Bill: Volume 2
67%
2003 Kill Bill: Volume 1
66%
2007 Death Proof
60%
No matching quizzes found
Score Distribution
Percent of People with Each Score
Percentile by Number Answered
Your Score History
You have not taken this quiz since the last reset